Mobile computing deployment and management : (Record no. 194988)
[ view plain ]
| 000 -LEADER | |
|---|---|
| fixed length control field | 00786nam a2200217Ia 4500 |
| 005 - DATE AND TIME OF LATEST TRANSACTION | |
| control field | 20220928111443.0 |
| 008 - FIXED-LENGTH DATA ELEMENTS--GENERAL INFORMATION | |
| fixed length control field | 210716s2015 xx 000 0 und d |
| 020 ## - INTERNATIONAL STANDARD BOOK NUMBER | |
| International Standard Book Number | 9788126554867 |
| 040 ## - CATALOGING SOURCE | |
| Transcribing agency | AIMIT LIBRARY |
| 041 ## - LANGUAGE CODE | |
| Language code of text/sound track or separate title | eng |
| 082 ## - DEWEY DECIMAL CLASSIFICATION NUMBER | |
| Classification number | 621.3821 |
| Edition number | 1 |
| Item number | BARR |
| 100 ## - MAIN ENTRY--PERSONAL NAME | |
| Personal name | Bartz, Robert J. |
| 9 (RLIN) | 58600 |
| 245 ## - TITLE STATEMENT | |
| Title | Mobile computing deployment and management : |
| Remainder of title | real world skills for comtia mobility certification and beyond / |
| 250 ## - EDITION STATEMENT | |
| Edition statement | 1st ed. |
| 260 ## - PUBLICATION, DISTRIBUTION, ETC. | |
| Place of publication, distribution, etc. | New Delhi : |
| Name of publisher, distributor, etc. | Sybex , |
| Date of publication, distribution, etc. | 2015. |
| 300 ## - PHYSICAL DESCRIPTION | |
| Extent | xxxiii, 709p. ; |
| Dimensions | 23 cm. |
| 650 ## - SUBJECT ADDED ENTRY--TOPICAL TERM | |
| Topical term or geographic name entry element | Computer network types topologies and the OSI model |
| 9 (RLIN) | 58601 |
| 650 ## - SUBJECT ADDED ENTRY--TOPICAL TERM | |
| Topical term or geographic name entry element | Standards and certifications for wireless technology |
| 9 (RLIN) | 58602 |
| 650 ## - SUBJECT ADDED ENTRY--TOPICAL TERM | |
| Topical term or geographic name entry element | Cellular communication technology |
| 9 (RLIN) | 58603 |
| 942 ## - ADDED ENTRY ELEMENTS (KOHA) | |
| Source of classification or shelving scheme | Dewey Decimal Classification |
| Koha item type | Book |
| Edition | 1st ed. |
| Call number prefix | 621.3821 BARR |
| Withdrawn status | Lost status | Source of classification or shelving scheme | Damaged status | Not for loan | Collection code | Home library | Current library | Source of acquisition | Cost, normal purchase price | Inventory number | Total Checkouts | Full call number | Barcode | Date last seen | Cost, replacement price | Price effective from | Koha item type |
|---|---|---|---|---|---|---|---|---|---|---|---|---|---|---|---|---|---|
| Dewey Decimal Classification | MCA | St Aloysius Institute of Management & Information Technology | St Aloysius Institute of Management & Information Technology | Knowledge World | 699.00 | Bill no:182; Bill dt:2016-01-13 | 621.3821 BARR | MCA14496 | 07/21/2025 | 524.25 | 07/16/2021 | Book | |||||
| Dewey Decimal Classification | MCA | St Aloysius Institute of Management & Information Technology | St Aloysius Institute of Management & Information Technology | Knowledge World | 699.00 | Bill no:501; Bill dt:2018-03-05 | 621.3821 BARR | MCA15551 | 07/21/2025 | 545.22 | 07/16/2021 | Book |